[Event "2.Spand. W-Open 2016"]
[Site "Spandau"]
[Date "2016.12.28"]
[Round "4.1"]
[White "Hansch, Karsten"]
[Black "Meister, Jakob"]
[Result "1/2-1/2"]
[WhiteElo "2220"]
[BlackElo "2444"]
[Annotator "Stelti"]
[PlyCount "127"]
[EventDate "2016.??.??"]
[TimeControl "6000+425"]
[WhiteClock "0:31:13"]
[BlackClock "0:16:58"]

1. d4 e6 2. c4 Bb4+ 3. Bd2 Bxd2+ 4. Nxd2 Nc6 5. Ngf3 d6 6. e3 e5 7. Be2 Nf6 8.
Qc2 Qe7 9. d5 Nb8 10. Bd3 Na6 11. b4 c5 12. a3 O-O 13. b5 Nb8 14. O-O Bg4 15.
Ng5 h6 16. Nh7 Nxh7 17. Bxh7+ Kh8 18. Bf5 Bxf5 19. Qxf5 Nd7 20. Rae1 a6 21. Rb1
axb5 22. Rxb5 b6 23. Ra1 Ra4 24. Rb3 g6 25. Qh3 Kg7 26. e4 Rfa8 27. Rc1 Qd8 28.
Rcc3 Nf6 29. Qh4 R4a6 30. Rh3 Nh5 31. Qxd8 Rxd8 32. Rhe3 f5 33. f3 Nf6 34. Kf1
Kf7 35. Ke2 f4 36. Rec3 g5 37. h3 h5 38. Rc1 Rda8 39. Nb1 Nd7 40. Rh1 Ke7 41.
Kd3 Nf6 42. Nc3 Rg8 43. Rhb1 Nd7 44. Rh1 Rg6 45. Nb5 Kd8 46. Ke2 Ra4 47. Kd3
Ra8 48. Rb2 Ke7 49. Kc3 Rh6 50. Kd3 Rah8 51. Rbb1 g4 52. Rbg1 Nf6 53. Ke2 Kd7
54. Kf2 R6h7 55. Ke2 Rh6 56. Kf2 R8h7 57. Nc3 Rg6 58. hxg4 hxg4 59. Rxh7+ Nxh7
60. Rh1 Nf6 61. Rb1 Kc7 62. Nb5+ Kd7 63. Nc3 Kc7 64. Nb5+ 1/2-1/2

[Event "2.Spand. W-Open 2016"]
[Site "Spandau"]
[Date "2016.12.28"]
[Round "4.2"]
[White "Muse, Drazen"]
[Black "Weber, Dirk"]
[Result "1/2-1/2"]
[WhiteElo "2358"]
[BlackElo "2246"]
[Annotator "Stelti"]
[PlyCount "74"]
[EventDate "2016.??.??"]
[TimeControl "6000+695"]
[WhiteClock "0:50:47"]
[BlackClock "0:06:35"]

1. d4 Nf6 2. Nf3 c5 3. e3 e6 4. Bd3 Qc7 5. c4 Be7 6. Nc3 a6 7. O-O O-O 8. b3 b5
9. d5 exd5 10. cxd5 d6 11. h3 Re8 12. e4 Nfd7 13. Bf4 Bf6 14. Rc1 Nf8 15. a4
Ng6 16. Bg3 b4 17. Nb1 a5 18. Nbd2 Nd7 19. Nc4 Nge5 20. Nfxe5 Nxe5 21. Nxe5
Bxe5 22. Bxe5 Rxe5 23. f4 Re8 24. Qf3 Bb7 25. Bb5 Re7 26. Qd3 Rd8 27. Rcd1 Qb6
28. Kh2 Qa7 29. Rfe1 h6 30. g4 c4 31. Qd4 Qxd4 32. Rxd4 cxb3 33. Rb1 Rc7 34.
Rxb3 g5 35. Kg3 Rdc8 36. h4 Rc3+ 37. Rd3 Rd8 {Rd4 Kg7+} 1/2-1/2

[Event "2.Spand. W-Open 2016"]
[Site "Spandau"]
[Date "2016.12.28"]
[Round "4.3"]
[White "Hansch, Thorsten"]
[Black "Ahmadinia, Ebrahim"]
[Result "0-1"]
[WhiteElo "2138"]
[BlackElo "2357"]
[Annotator "Stelti"]
[PlyCount "78"]
[EventDate "2016.??.??"]
[BlackTeam "Iran"]
[BlackTeamCountry "IRI"]
[TimeControl "6000+960"]
[WhiteClock "0:10:49"]
[BlackClock "0:05:20"]

1. d4 d5 2. c4 c6 3. cxd5 cxd5 4. Nc3 Nf6 5. Nf3 Nc6 6. Bf4 e6 7. e3 Nh5 8. Bg5
Qb6 9. a3 h6 10. Bh4 g5 11. Bg3 Nxg3 12. hxg3 Bg7 13. Bd3 Qd8 14. Rc1 Kf8 15.
b4 a6 16. Qb3 g4 17. Nd2 h5 18. Be2 Rh6 19. a4 Kg8 20. b5 axb5 21. axb5 Na5 22.
Qc2 e5 23. dxe5 Bxe5 24. Nb3 Nxb3 25. Qxb3 Be6 26. Qb4 Qg5 27. Rd1 Qf6 28. Nb1
Kg7 29. Bd3 d4 30. e4 h4 31. Rxh4 Rxh4 32. gxh4 g3 33. f3 Qxh4 34. Bf1 Ra2 35.
Rd2 Qf4 36. Be2 Ra1 37. Bd3 Qe3+ 38. Kd1 Qg1+ 39. Kc2 Ra2+ 0-1

[Event "2.Spand. W-Open 2016"]
[Site "Spandau"]
[Date "2016.12.28"]
[Round "4.4"]
[White "Hartmann, Jakob"]
[Black "Schulz, Michael"]
[Result "1-0"]
[WhiteElo "2049"]
[BlackElo "2141"]
[PlyCount "53"]
[EventDate "2016.??.??"]
[TimeControl "6000+1305"]
[WhiteClock "0:17:06"]
[BlackClock "1:16:08"]

1. e4 e6 2. d4 d5 3. Nd2 Nf6 4. e5 Nfd7 5. Bd3 c5 6. c3 Nc6 7. Ne2 Qb6 8. Nf3
cxd4 9. cxd4 f6 10. O-O fxe5 11. dxe5 Ndxe5 12. Nxe5 Nxe5 13. Be3 Qc7 14. Bf4
Bd6 15. Nd4 a6 16. Re1 O-O 17. Bxe5 Bxe5 18. Qh5 Bxh2+ 19. Qxh2 Qxh2+ 20. Kxh2
Rxf2 21. Nxe6 Bxe6 22. Rxe6 Rxb2 23. Rf1 Rd2 24. Rf3 g6 25. Bxg6 hxg6 26. Rxg6+
Kh7 27. Rg4 1-0

[Event "2.Spand. W-Open 2016"]
[Site "Spandau"]
[Date "2016.12.28"]
[Round "4.6"]
[White "Koop, Sören"]
[Black "Tiarks, Jann-Christian"]
[Result "1-0"]
[WhiteElo "2086"]
[BlackElo "2030"]
[Annotator "Stelti"]
[PlyCount "77"]
[EventDate "2016.??.??"]
[TimeControl "6000+725"]
[WhiteClock "0:16:17"]
[BlackClock "0:48:40"]

1. e4 c5 2. Nf3 Nf6 3. Nc3 d5 4. exd5 Nxd5 5. Bb5+ Bd7 6. Ne5 Nf6 7. Qf3 Qc8 8.
Nxd7 Nbxd7 9. Nd5 Nxd5 10. Qxd5 e6 11. Qg5 a6 12. Be2 Qc7 13. d3 h6 14. Qe3 Be7
15. Bd2 Bf6 16. Rb1 Bg5 17. f4 Bf6 18. Bf3 O-O 19. Qe4 Rab8 20. O-O Rfd8 21.
Kh1 Nb6 22. g4 c4 23. g5 hxg5 24. fxg5 Be5 25. g6 f5 26. Qh4 Bf6 27. Qh7+ Kf8
28. Bb4+ Rd6 29. dxc4 Nxc4 30. Rbd1 a5 31. Bxd6+ Nxd6 32. Rd3 Nc4 33. Rd7 Qxd7
34. Qh8+ Ke7 35. Qxb8 Ne3 36. Re1 Nxc2 37. Rc1 Qd3 38. Qxb7+ Ke8 39. Qf7+ 1-0

[Event "2.Spand. W-Open 2016"]
[Site "Berlin"]
[Date "2016.12.28"]
[Round "4.7"]
[White "Fuchs, Dominik"]
[Black "Major, Vitalij"]
[Result "*"]
[WhiteElo "1822"]
[BlackElo "2187"]
[PlyCount "114"]
[EventDate "2016.??.??"]
[WhiteTeam "SC Zitadelle Spandau 1977 e.V."]
[BlackTeam "Betriebsschach SV Senat"]

1. e4 c5 2. c3 d6 3. d4 Nf6 4. Bd3 Nc6 5. Bc2 g6 6. h3 Bg7 7. Nf3 O-O 8. d5 Nb8
9. c4 b5 10. cxb5 Qa5+ 11. Bd2 Qxb5 12. Nc3 Qa6 13. a4 e6 14. dxe6 Bxe6 15. Nb5
Qb6 16. Bf4 Rd8 17. Nxd6 Nh5 18. Bh2 Qxb2 19. Rb1 Qc3+ 20. Qd2 Na6 21. e5 Qxd2+
22. Nxd2 Bh6 23. N2e4 Nb4 24. Rb2 Bc1 25. Rb1 Bf4 26. Bxf4 Nxf4 27. Nf6+ Kg7
28. Be4 Rab8 29. Nb7 Nfd3+ 30. Ke2 Nf4+ 31. Kf3 Nfd3 32. Nxd8 Nxe5+ 33. Kf4
Kxf6 34. Nxe6 Kxe6 35. Rhd1 a5 36. Ke3 Nc4+ 37. Ke2 Nb6 38. Rdc1 Rc8 39. Rc3 c4
40. Bb7 Rc7 41. Ba6 Ke5 42. Re3+ Kd4 43. Rd1+ Kc5 44. Bb5 N4d5 45. Rf3 c3 46.
Kd3 Kb4 47. Rb1+ Ka3 48. Kc2 Nb4+ 49. Kc1 Na2+ 50. Kc2 Nb4+ 51. Kc1 N6d5 52.
Ra1+ Na2+ 53. Kb1 Ndb4 54. h4 Kb3 55. g4 Re7 56. Bc4+ Kxc4 57. Rxa2 Re1# *

[Event "2.Spand. W-Open 2016"]
[Site "Berlin"]
[Date "2016.12.28"]
[Round "4.8"]
[White "Brustkern, Jürgen"]
[Black "Francke, Jörg"]
[Result "1-0"]
[WhiteElo "2246"]
[BlackElo "1949"]
[PlyCount "102"]
[EventDate "2016.??.??"]
[WhiteTeam "SC Zugzwang 95 e.V."]
[BlackTeam "SC Weisse Dame e.V."]

1. c4 c5 2. Nc3 g6 3. e3 Bg7 4. d4 b6 5. dxc5 bxc5 6. Qd5 Nc6 7. Qxc5 Bb7 8.
Nf3 Nf6 9. Bd2 O-O 10. Be2 Rc8 11. Rc1 d6 12. Qb5 Rb8 13. Qa4 Ba8 14. Qc2 Nb4
15. Qb1 d5 16. a3 Nc6 17. cxd5 Na5 18. e4 Nb3 19. Rd1 Nxd2 20. Rxd2 Ng4 21. Qc2
f5 22. O-O Qd6 23. h3 Ne5 24. Ng5 fxe4 25. Ncxe4 Qb6 26. b4 Bh6 27. Qb3 e6 28.
Qg3 exd5 29. Qxe5 Rbe8 30. Qg3 Rf5 31. h4 Rfe5 32. Qf3 Rf5 33. Qb3 Bg7 34. Nc5
h6 35. Nf3 a5 36. Rfd1 axb4 37. axb4 Kh7 38. Bd3 Rf4 39. h5 Re7 40. Bxg6+ Kh8
41. Nd3 Rc4 42. Ra2 Bb7 43. Qa4 Bf6 44. Qa5 Qd6 45. Nc5 Bc6 46. Qb6 Bc3 47.
Ra8+ Kg7 48. Ra7 Bxb4 49. Rxe7+ Qxe7 50. Qxc6 Rxc5 51. Qb6 Bc3 1-0

[Event "2.Spand. W-Open 2016"]
[Site "Berlin"]
[Date "2016.12.28"]
[Round "4.9"]
[White "Baier, Reinhard"]
[Black "Baumgardt, Uwe"]
[Result "0-1"]
[WhiteElo "1967"]
[BlackElo "2137"]
[PlyCount "114"]
[EventDate "2016.??.??"]
[WhiteTeam "BSG 1827 Eckbauer e.V."]
[BlackTeam "SC Zitadelle Spandau 1977 e.V."]

1. e4 d6 2. d4 Nf6 3. Bd3 e5 4. Ne2 Nc6 5. d5 Ne7 6. c4 g6 7. Nbc3 Bg7 8. O-O
O-O 9. Bg5 h6 10. Bd2 Nh5 11. f4 exf4 12. Nxf4 Nxf4 13. Bxf4 g5 14. Bg3 Ng6 15.
h3 Qe7 16. Qc2 Ne5 17. Rae1 a6 18. b3 Bd7 19. Nd1 Rae8 20. Be2 Ng6 21. Bh5 Be5
22. Qf2 Nf4 23. Bxf4 gxf4 24. Qf3 Kh8 25. Bg4 Bxg4 26. Qxg4 Rg8 27. Qh5 Qg5 28.
Qxg5 Rxg5 29. Rf3 Reg8 30. Re2 Rg3 31. Rxg3 Rxg3 32. Kf1 f3 33. gxf3 Rxh3 34.
Ne3 Rxf3+ 35. Kg2 Rf6 36. Nf5 Rg6+ 37. Kh3 Kh7 38. Re1 Rg5 39. Rf1 f6 40. Rf2
Kg6 41. Ne7+ Kf7 42. Nf5 Kg6 43. Ne7+ Kh5 44. Nf5 Rg1 45. Rf3 Kg5 46. a4 a5 47.
Ne7 h5 48. Rf5+ Kh6 49. Rf3 Rg4 50. Nf5+ Kg5 51. Re3 Kf4 52. Re2 Kf3 53. Re3+
Kf2 54. Rd3 Rxe4 55. Rd2+ Ke1 56. Rg2 Rf4 57. Nh4 Rf1 0-1

[Event "2.Spand. W-Open 2016"]
[Site "Berlin"]
[Date "2016.12.28"]
[Round "4.10"]
[White "Hansch, Stephan"]
[Black "Hahn, Thomas"]
[Result "0-1"]
[WhiteElo "2120"]
[BlackElo "1909"]
[PlyCount "90"]
[EventDate "2016.??.??"]
[WhiteTeam "SC Empor Potsdam 1952 e.V."]
[BlackTeam "SC Empor Potsdam 1952 e.V."]

1. d4 Nf6 2. c4 g6 3. Nc3 Bg7 4. Nf3 O-O 5. g3 d6 6. Bg2 c6 7. O-O Re8 8. e4
Nbd7 9. h3 e5 10. Re1 Qb6 11. d5 cxd5 12. cxd5 Nc5 13. Qe2 Bd7 14. Nd2 a6 15.
Nc4 Qc7 16. b4 Na4 17. Nxa4 Bxa4 18. Bg5 Bb5 19. Rec1 Rac8 20. Qf3 Nxe4 21.
Nxd6 Nxg5 22. Qg4 Qxd6 23. Rxc8 Rxc8 24. Qxc8+ Bf8 25. h4 Bd7 26. Qxb7 Nh3+ 27.
Bxh3 Bxh3 28. b5 axb5 29. Qxb5 Qf6 30. Qe2 Ba3 31. Re1 Bc5 32. Rc1 Bd4 33. a4
h5 34. Rc2 Bg4 35. Qf1 Qf3 36. Kh2 Qxd5 37. Qb5 Qf3 38. Qf1 Bf5 39. Qe2 Qb3 40.
Rc4 Be6 41. Rc6 Bd5 42. Rd6 Bf3 43. Qb5 Qc2 44. Qe8+ Kg7 45. Rxg6+ Qxg6 0-1

[Event "2.Spand. W-Open 2016"]
[Site "Berlin"]
[Date "2016.12.28"]
[Round "4.11"]
[White "Ijzermans, Cees"]
[Black "Möhring, Peter"]
[Result "1-0"]
[WhiteElo "2095"]
[BlackElo "1865"]
[PlyCount "85"]
[EventDate "2016.??.??"]
[BlackTeam "USV TU Dresden"]

1. c4 Nf6 2. g3 e5 3. Bg2 Nc6 4. a3 a5 5. Nc3 Bc5 6. Nf3 d6 7. d3 h6 8. O-O O-O
9. Bd2 Be6 10. Na4 e4 11. Nxc5 dxc5 12. Ne1 exd3 13. Nxd3 Nd4 14. Nxc5 Bxc4 15.
Be3 Nxe2+ 16. Kh1 Nxg3+ 17. hxg3 Bxf1 18. Qxf1 b6 19. Nd3 Rb8 20. Ne5 Qd6 21.
Nc6 Rbe8 22. Rd1 Qe6 23. Bf4 Ne4 24. Rc1 g5 25. Bxc7 Rc8 26. Nd4 Qg4 27. Nb5
Rfe8 28. Kg1 Nd2 29. Qd3 Qe2 30. Qf5 Qe7 31. Bd5 Kg7 32. Qd3 Qe2 33. Qxe2 Rxe2
34. Nd4 Ree8 35. Nf5+ Kg6 36. Nd6 Rxc7 37. Rxc7 Re1+ 38. Kg2 g4 39. Rc2 Rd1 40.
Bxf7+ Kg7 41. Nf5+ Kxf7 42. Ne3 Nf3 43. Rc7+ 1-0

[Event "2.Spand. W-Open 2016"]
[Site "Berlin"]
[Date "2016.12.28"]
[Round "4.12"]
[White "Scheide, Helmut"]
[Black "Zschäbitz, Klaus"]
[Result "*"]
[WhiteElo "1927"]
[BlackElo "2088"]
[PlyCount "176"]
[EventDate "2016.??.??"]
[WhiteTeam "USV Potsdam e.V., Abt. Schach"]
[BlackTeam "BSG 1827 Eckbauer e.V."]

1. Nf3 e6 2. d4 Nf6 3. c4 b6 4. e3 Bb7 5. Bd3 d6 6. Nc3 Nbd7 7. e4 e5 8. O-O
Be7 9. Re1 O-O 10. Nd5 Re8 11. Nxe7+ Qxe7 12. d5 a5 13. Nh4 Nf8 14. Nf5 Qd8 15.
Re3 Bc8 16. Ng3 Ng6 17. h3 Bd7 18. Rf3 Nh4 19. Re3 h6 20. Nh5 Nxh5 21. Qxh5 Qg5
22. Qxg5 hxg5 23. Kh2 f6 24. g3 Ng6 25. Bd2 Kf7 26. Rh1 Rh8 27. Kg2 Rh6 28. Rf3
Ke7 29. Re3 Rah8 30. Ree1 Bxh3+ 31. Kg1 Bd7 32. Rxh6 gxh6 33. b4 axb4 34. Rb1
h5 35. Rxb4 h4 36. Bc2 Bg4 37. Rb3 Be2 38. Rc3 g4 39. Bd3 Bf3 40. Ra3 hxg3 41.
fxg3 Rh1+ 42. Kf2 Rh2+ 43. Ke3 Bd1 44. Ra7 Kd7 45. a4 Rg2 46. Be1 Ra2 47. a5
bxa5 48. Bxa5 Ke8 49. Bb6 Rxa7 50. Bxa7 Ba4 51. Be2 Bd7 52. c5 Kd8 53. c6 Bc8
54. Bd3 Ne7 55. Kf2 f5 56. Be3 fxe4 57. Bxe4 Bf5 58. Bg2 Nc8 59. Ke2 Ke8 60.
Kd2 Bb1 61. Kc1 Ba2 62. Kb2 Bc4 63. Kc3 Be2 64. Be4 Ne7 65. Bg5 Bf3 66. Kd3
Nxd5 67. Bg6+ Kf8 68. Kc4 Nb6+ 69. Kb5 Be2+ 70. Kb4 Nd5+ 71. Kb3 Ne7 72. Bh6+
Kg8 73. Be8 Bf3 74. Bg5 Kf8 75. Bd7 Kf7 76. Kc4 Bxc6 77. Bxe7 Bxd7 78. Bd8 c6
79. Bg5 Bc8 80. Kd3 Ba6+ 81. Ke3 Ke6 82. Bh6 c5 83. Kd2 d5 84. Bf8 c4 85. Bb4
d4 86. Ba5 Kd5 87. Bb4 c3+ 88. Kc2 Kc4 *

[Event "2.Spand. W-Open 2016"]
[Site "Berlin"]
[Date "2016.12.28"]
[Round "4.13"]
[White "Klausch, Uwe"]
[Black "Magnussen, Helge"]
[Result "0-1"]
[WhiteElo "1894"]
[BlackElo "2084"]
[PlyCount "42"]
[EventDate "2016.??.??"]
[WhiteTeam "FC ST.Pauli 1910 eV SAbt"]
[BlackTeam "Elmshorner SC von 1896"]

1. e4 e6 2. d4 d5 3. Nc3 Bb4 4. e5 c5 5. a3 cxd4 6. axb4 dxc3 7. Bd3 Nc6 8. Bb5
Bd7 9. Bxc6 Bxc6 10. bxc3 Qc7 11. Qd4 Ne7 12. f4 O-O 13. g4 a5 14. Nf3 axb4 15.
Rxa8 Rxa8 16. cxb4 Bb5 17. Kd2 Ra2 18. Bb2 Nc6 19. Qc5 b6 20. Qxb5 Rxb2 21. Nd4
Rxb4 0-1

[Event "2.Spand. W-Open 2016"]
[Site "Berlin"]
[Date "2016.12.28"]
[Round "4.14"]
[White "Weber, Erwin"]
[Black "Koop, Th.Börge"]
[Result "1-0"]
[WhiteElo "2080"]
[BlackElo "1834"]
[PlyCount "71"]
[EventDate "2016.??.??"]
[WhiteTeam "Schachfreunde Berlin 1903 e.V."]
[BlackTeam "SC Wrist-Kellinghusen von 1979"]

1. Nf3 Nf6 2. d4 d5 3. e3 e6 4. Bd3 c5 5. b3 Nc6 6. Nbd2 cxd4 7. exd4 Bb4 8.
Bb2 Qa5 9. O-O Bc3 10. Qc1 O-O 11. Nb1 Bxb2 12. Qxb2 Bd7 13. a3 Ne4 14. c4 f5
15. b4 Qc7 16. c5 Qf4 17. b5 Ne7 18. Ne5 Be8 19. Qc1 Qh4 20. Nf3 Qh5 21. Nc3
Rf6 22. Ne2 Ng6 23. Ng3 Qg4 24. h3 Qf4 25. Nh5 Qxc1 26. Nxf6+ gxf6 27. Rfxc1
Nf4 28. Bf1 Bh5 29. c6 bxc6 30. bxc6 Kf7 31. c7 Rc8 32. Ba6 Rg8 33. Nh4 Nd2 34.
c8=Q Nxh3+ 35. Kh2 Nxf2 36. Rc7# 1-0

[Event "2.Spand. W-Open 2016"]
[Site "Berlin"]
[Date "2016.12.28"]
[Round "4.15"]
[White "Nofal, Jameel"]
[Black "Welsh, Michael"]
[Result "1-0"]
[WhiteElo "1873"]
[BlackElo "2077"]
[PlyCount "105"]
[EventDate "2016.??.??"]
[WhiteTeam "vereinslos"]
[BlackTeam "FC ST.Pauli 1910 eV SAbt"]

1. e4 d6 2. d4 Nf6 3. Nc3 e5 4. Nf3 Nbd7 5. Bc4 Be7 6. O-O O-O 7. dxe5 dxe5 8.
Be3 c6 9. Qe2 Qc7 10. Bg5 b5 11. Bd3 Nc5 12. Rfd1 b4 13. Nb1 Nxd3 14. cxd3 Rd8
15. Nbd2 Ne8 16. Bxe7 Qxe7 17. Nc4 f6 18. Rac1 Qc7 19. d4 Ba6 20. Qc2 Qf7 21.
b3 Bxc4 22. Qxc4 Qxc4 23. Rxc4 Nd6 24. Rxb4 Nxe4 25. Re1 c5 26. Rc4 Nd6 27.
Rxc5 exd4 28. Nxd4 Nf7 29. Nc6 Rd6 30. g3 Kf8 31. b4 Nd8 32. Nxd8 Raxd8 33. Rc7
R6d7 34. Rec1 Kf7 35. Kg2 Kg6 36. a4 Rxc7 37. Rxc7 Rb8 38. b5 a6 39. bxa6 Rb4
40. a7 Rxa4 41. Kf3 h5 42. Ke3 Kh6 43. Kd3 g5 44. Kc3 Kg6 45. Kb3 Ra1 46. Kb4
Kf5 47. f3 h4 48. Kb5 hxg3 49. hxg3 g4 50. fxg4+ Kxg4 51. Rc4+ Kxg3 52. Ra4
Rb1+ 53. Ka6 1-0